000 00880nam a2200277 i 4500
001 11956
003 ES-MaACL
005 20230906150217.0
007 t|
008 970203s1993 sp ||||1| spa d
020 _a84-7671-974-4
080 _a860-14"18"
080 _a860(Coronado, Carolina 1.06)
100 1 _aCoronado, Carolina.
_940678
245 1 0 _aObra poética /
_cCarolina Coronado ; edición, notas y estudio preliminar Gregorio Torres Nebrera.
250 _a1ª ed.
260 _aMérida :
_bEditora Regional de Extremadura,
_c1993.
300 _a2 v. ;
_c21 cm.
490 1 _aSerie Rescate ;
_v7
500 _aIndices.
600 1 4 _aCoronado, Carolina-
_xCrítica e interpretación.
_940679
700 1 _aTorres Nebrera, Gregorio.
_9110995
830 0 _aSerie Rescate ;
_v7
_9179483
852 _aES-MaACL
_jL-19367-8
_bR.125294
999 _c11956
_d11956